West Coast Sports Teams By Logo - Sudden Death - Statistics

General Stats
  • This quiz has been taken 63 times
  • The average score is 11 of 20
Answers on the Grid
Answers color-coded by a green-red scale on the quiz's grid according to % correct below.
 
Answer Stats
Answer % Correct
Los Angeles Rams
73%
Los Angeles Kings
63%
Los Angeles Angels
63%
Sacramento Kings
60%
Los Angeles Chargers
60%
San Francisco 49ers
58%
Los Angeles Clippers
58%
Seattle Kraken
58%
Seattle Seahawks
58%
Portland Trail Blazers
58%
San Diego Padres
58%
San Jose Sharks
58%
San Francisco Giants
53%
Los Angeles Lakers
50%
Athletics
50%
Golden State Warriors
50%
Seattle Mariners
50%
Los Angeles Dodgers
45%
Anaheim Ducks
45%
Vancouver Canucks
45%
No matching quizzes found
Score Distribution
Percent of People with Each Score
Percentile by Number Answered
Your Score History
You have not taken this quiz